<?xml version="1.0" encoding="UTF-8"?>
<collection xmlns="http://www.loc.gov/MARC21/slim">
 <record>
  <leader>00457pamaa2200145   4500</leader>
  <controlfield tag="001">0000020838</controlfield>
  <controlfield tag="005">20070130090000.0</controlfield>
  <datafield tag="020" ind1="0" ind2="0">
   <subfield code="a">0134089723 </subfield>
  </datafield>
  <datafield tag="090" ind1="0" ind2="0">
   <subfield code="a">PE1628 </subfield>
   <subfield code="b">BAL 1986</subfield>
  </datafield>
  <datafield tag="100" ind1="1" ind2="0">
   <subfield code="a">BALL </subfield>
  </datafield>
  <datafield tag="245" ind1="1" ind2="0">
   <subfield code="a">Dictionary of link words in English discourse  </subfield>
   <subfield code="c">W.J. Ball.</subfield>
  </datafield>
  <datafield tag="260" ind1="0" ind2="0">
   <subfield code="a">Herdforshire: </subfield>
   <subfield code="b">Prentice Hall Phoenix ELT, </subfield>
   <subfield code="c">1986.</subfield>
  </datafield>
  <datafield tag="300" ind1=" " ind2=" ">
   <subfield code="a">vi, 154p.; </subfield>
   <subfield code="c">22cm.</subfield>
  </datafield>
  <datafield tag="440" ind1="0" ind2="0">
   <subfield code="a">Prentice Hall reference series</subfield>
  </datafield>
  <datafield tag="650" ind1="0" ind2="0">
   <subfield code="a">English language -- </subfield>
   <subfield code="x">Textbooks for foreign speakers </subfield>
  </datafield>
 </record>
</collection>
